<?xml version="1.0" encoding="UTF-8"?>
<record
    xmlns:xsi="http://www.w3.org/2001/XMLSchema-instance"
    xsi:schemaLocation="http://www.loc.gov/MARC21/slim http://www.loc.gov/standards/marcxml/schema/MARC21slim.xsd"
    xmlns="http://www.loc.gov/MARC21/slim">

  <leader>03714cam a2200253 a 4500</leader>
  <controlfield tag="001">TB12238</controlfield>
  <controlfield tag="003">IN-BhIIT</controlfield>
  <controlfield tag="005">20260130180632.0</controlfield>
  <controlfield tag="008">250312b        |||||||| |||| 00| 0 eng d</controlfield>
  <datafield tag="020" ind1=" " ind2=" ">
    <subfield code="a">9780415415163 (pbk.)</subfield>
  </datafield>
  <datafield tag="040" ind1=" " ind2=" ">
    <subfield code="a">IN-BhIIT</subfield>
  </datafield>
  <datafield tag="041" ind1=" " ind2=" ">
    <subfield code="a">eng</subfield>
  </datafield>
  <datafield tag="082" ind1="0" ind2="0">
    <subfield code="a">170</subfield>
    <subfield code="b">SKO/R</subfield>
  </datafield>
  <datafield tag="245" ind1="0" ind2="4">
    <subfield code="a">The routledge companion to ethics /</subfield>
    <subfield code="c">edited by John Skorupski.</subfield>
  </datafield>
  <datafield tag="260" ind1=" " ind2=" ">
    <subfield code="a">London ;</subfield>
    <subfield code="b">Routledge,</subfield>
    <subfield code="c">2013.</subfield>
  </datafield>
  <datafield tag="300" ind1=" " ind2=" ">
    <subfield code="a">xxiv, 850 p. :</subfield>
    <subfield code="b">ill. ;</subfield>
    <subfield code="c">26 cm.</subfield>
  </datafield>
  <datafield tag="490" ind1="1" ind2=" ">
    <subfield code="a">Routledge philosophy companions</subfield>
  </datafield>
  <datafield tag="504" ind1=" " ind2=" ">
    <subfield code="a">Includes bibliographical references and index.</subfield>
  </datafield>
  <datafield tag="505" ind1="0" ind2=" ">
    <subfield code="a">History -- Ethical thought in china / Yang Xiao -- Ethical thought in India / Stephen Clark -- Plato and Socrates / Richard Kraut -- Aristotle / C.C.W. Taylor -- Later ancient ethics / A.A. Long -- The Arabic tradition / Peter Adamson -- Natural law / Knud Haakonssen -- Hobbes / Bernard Gert -- Ethics and reason / Mike LeBuffe -- Ethics and sentiment / Michael Gill -- Hume / James Harris -- Smith / Craig Smith -- Utilitarianism to Bentham / Fred Rosen -- Kant / Thomas Hill -- Hegel / Ken Westphal  / Henry West -- Green, bradley and sidgwick / T.H. Irwin -- Nietzsche / Maudmarie Clark -- Pragmatist moral philosophy / Alan Ryan -- Existentialism / Jonathan Webber -- Heidegger /Stephen Mulhall -- Meta-ethics -- Ethics, religion, science / Simon Blackburn -- Freedom and responsibility / Randolph Clarke -- Reasons for action / Robert Audi -- Open question arguments / Thomas Baldwin -- Realism and its alternatives / Peter Railton -- Non-cognitivism / Alex Miller -- Error theory and fictionalism / Nadeem Hussain -- Cognitivism without realism / Andrew Fisher -- Relativism / Nick Sturgeon -- Ideas and methods from outside ethics -- Social anthropology / James Laidlaw -- Psychology / Jesse Prinz -- Biology / Michael Ruse -- Formal methods in ethics / Erik Carlson -- Ethics and law / John Gardner -- Perspectives in ethics -- Reasons, values and morality / Simon Robertson -- Consequentialism / Brad Hooker -- Contemporary kantian ethics / Andrews Reath -- Intuitionism / Philip Stratton-Lake -- Virtue ethics / Michael Slote -- Contractualism / Rahul Kumar -- Contemporary natural law theory / Anthony J. Lisska -- Feminist ethics / Samantha Brennan -- Ethics and aesthetics / Robert Stecker -- Morality -- Morality and its critics / Stephen Darwall -- Conscience / John Skorupski -- Recognition, respect / Allen Wood -- Blame, remorse, mercy, forgiveness / Christopher Bennett -- Evil / Geoffrey Scarre -- Responsibility : intention and consequence / Suzanne Uniacke -- Responsibility : act and omission / Michael Zimmerman -- Partiality and impartiality / John Cottingham -- Particularism and principles / Michael Ridge, Sean McKeever -- Debates in ethics / goals and ideals -- Welfare / Christopher Heathwood -- Ideals of living (perfectionism) / Vinit Haksar -- Justice -- Rights / Tom Campbell -- Justice and punishment / John Tasioulas -- Justice and distribution / M.G. Clayton -- Human life -- Life and death / Fred Feldman -- Ending life / R.G. Frey -- Our world -- Population / Tim Mulgan -- Animals / Alan Carter -- Environment / Andrew Brennan -- Current issues -- The ethics of free speech / Mary Kate McGowan -- The ethics of research / Julian Savulescu -- World poverty / Thomas Pogge -- War / Henry Shue -- Terrorism and torture / David Rodin.</subfield>
  </datafield>
  <datafield tag="520" ind1="8" ind2=" ">
    <subfield code="a">This is an outstanding survey of the whole field of ethics by a distinguished international team of contributors. The book opens with a comprehensive historical overview of ethics, including entries on Plato, Aristotle, Hume, and Kant.</subfield>
  </datafield>
  <datafield tag="650" ind1=" " ind2="0">
    <subfield code="a">Ethics.</subfield>
    <subfield code="9">5157</subfield>
  </datafield>
  <datafield tag="700" ind1="1" ind2=" ">
    <subfield code="a">Skorupski, John,</subfield>
    <subfield code="e">Joint author</subfield>
    <subfield code="9">25787</subfield>
  </datafield>
  <datafield tag="942" ind1=" " ind2=" ">
    <subfield code="c">TB</subfield>
    <subfield code="0">1</subfield>
  </datafield>
  <datafield tag="999" ind1=" " ind2=" ">
    <subfield code="c">14671</subfield>
    <subfield code="d">14671</subfield>
  </datafield>
  <datafield tag="952" ind1=" " ind2=" ">
    <subfield code="0">0</subfield>
    <subfield code="1">0</subfield>
    <subfield code="2">ddc</subfield>
    <subfield code="4">0</subfield>
    <subfield code="7">0</subfield>
    <subfield code="8">SHSSM</subfield>
    <subfield code="a">CLIITBBS</subfield>
    <subfield code="b">CLIITBBS</subfield>
    <subfield code="d">2025-02-07</subfield>
    <subfield code="e">31</subfield>
    <subfield code="g">4053.73</subfield>
    <subfield code="l">1</subfield>
    <subfield code="m">2</subfield>
    <subfield code="o">170 SKO/R</subfield>
    <subfield code="p">TB12238</subfield>
    <subfield code="r">2026-05-04 14:49:05</subfield>
    <subfield code="s">2026-01-30</subfield>
    <subfield code="v">5553.05</subfield>
    <subfield code="w">2025-02-07</subfield>
    <subfield code="y">TB</subfield>
  </datafield>
</record>
